000 00502nam a2200205Ia 4500
003 OSt
005 20230327110323.0
008 210423s2005 xx 000 0 und d
020 _a-
040 _cAL
041 _aeng
082 _a615.19
_223
_bRAJV
100 _aRAJASEKARAN (V N).
_978189
245 _aPharmaceutical chemistry-1.
260 _aChennai
_bSun Publications
_c2005
300 _axvi,266
_bPB
365 _b80
_cINR
906 _achemistry-1. ; Pharmaceutical
942 _2ddc
_cBK
999 _c154116
_d154116